A clear purchase decision (Record no. 82121)
[ view plain ]
| 000 -LEADER | |
|---|---|
| fixed length control field | 01476cab a22002415a 4500 |
| 001 - CONTROL NUMBER | |
| control field | L149302 |
| 008 - FIXED-LENGTH DATA ELEMENTS--GENERAL INFORMATION | |
| fixed length control field | e2010 xxk 000 0 eng d |
| 035 ## - SYSTEM CONTROL NUMBER | |
| System control number | (Sirsi) u149303 |
| 041 0# - LANGUAGE CODE | |
| Language code of text/sound track or separate title | eng |
| 100 1# - MAIN ENTRY--PERSONAL NAME | |
| Personal name | Gould, Nicholas |
| 245 02 - TITLE STATEMENT | |
| Title | A clear purchase decision |
| Remainder of title | the EU public procurement remedies. |
| Medium | [electronic resource] |
| 260 ## - PUBLICATION, DISTRIBUTION, ETC. | |
| Date of publication, distribution, etc. | 2010 |
| 490 ## - SERIES STATEMENT | |
| Series statement | Construction Journal |
| Volume/sequential designation | Feb-Mar 2010, 22-23(2) |
| 520 ## - SUMMARY, ETC. | |
| Summary, etc. | Public procurement law regulates the purchasing by public-sector bodies of contracts for goods, works or services. EU public procurement law aims to increase competition and transparency to create opportunities for all EU businesses as well as promoting the free movement of goods and services. To achieve these objectives, an EU-wide framework has been established under the following Directives: Directive 2004/17/EC (the Procurement Directive) ? this co-ordinates procedures for the award of public works contracts, public supply contracts and public services contracts ? this sets out the remedies available to aggrieved bidders if they consider that contracting authorities have entered into contracts. |
| 590 ## - LOCAL NOTE (RLIN) | |
| Local note | KA |
| 650 24 - SUBJECT ADDED ENTRY--TOPICAL TERM | |
| Topical term or geographic name entry element | DIRECTIVE 2004/17/EC |
| 650 24 - SUBJECT ADDED ENTRY--TOPICAL TERM | |
| Topical term or geographic name entry element | DIRECTIVE 89/665/EEC |
| 651 #4 - SUBJECT ADDED ENTRY--GEOGRAPHIC NAME | |
| Geographic name | United Kingdom |
| Chronological subdivision | |
| 690 ## - LOCAL SUBJECT ADDED ENTRY--TOPICAL TERM (OCLC, RLIN) | |
| Topical term or geographic name as entry element | Procurement |
| 9 (RLIN) | 6260 |
| 700 1# - ADDED ENTRY--PERSONAL NAME | |
| Personal name | Bichenkov, Igor |
| 856 48 - ELECTRONIC LOCATION AND ACCESS | |
| Uniform Resource Identifier | <a href="https://www.rics.org/site/download_feed.aspx?fileID=5762&fileExtension=PDF">https://www.rics.org/site/download_feed.aspx?fileID=5762&fileExtension=PDF</a> |
| Public note | View this item (member-only access) at www.rics.org |
| 942 ## - ADDED ENTRY ELEMENTS (KOHA) | |
| Suppress in OPAC | 0 |
| Withdrawn status | Lost status | Source of classification or shelving scheme | Damaged status | Not for loan | Home library | Current library | Shelving location | Date acquired | Total Checkouts | Full call number | Barcode | Date last seen | Copy number | Price effective from | Koha item type |
|---|---|---|---|---|---|---|---|---|---|---|---|---|---|---|---|
| Dewey Decimal Classification | Virtual | Virtual | Online | 18/02/2010 | ONLINE PUBLICATION | 149303-2001 | 06/08/2019 | 1 | 06/08/2019 | Journal article |